Haldane and modern biology. (Record no. 16654)
[ view plain ]
| 000 -LEADER | |
|---|---|
| fixed length control field | 00384cam a22001451 4500 |
| 040 ## - CATALOGING SOURCE | |
| Transcribing agency | DLC |
| 082 00 - DEWEY DECIMAL CLASSIFICATION NUMBER | |
| Classification number | 575 JOH 1969 A111 Or. |
| 245 00 - TITLE STATEMENT | |
| Title | Haldane and modern biology. |
| 260 ## - PUBLICATION, DISTRIBUTION, ETC. (IMPRINT) | |
| Place of publication | Baltimore, |
| Name of publisher | Johns Hopkins Press |
| Year of publication | [1968] |
| 300 ## - PHYSICAL DESCRIPTION | |
| Number of Pages | xvi, 333 p. |
| Other physical details | illus., ports. |
| Dimensions | 24 cm. |
| 650 #0 - SUBJECT ADDED ENTRY--TOPICAL TERM | |
| Topical Term | Genetics. |
| 700 1# - ADDED ENTRY--PERSONAL NAME | |
| Personal name | Haldane, J. B. S. |
| 700 1# - ADDED ENTRY--PERSONAL NAME | |
| Personal name | Dronamraju, Krishna R., |
| 942 ## - ADDED ENTRY ELEMENTS (KOHA) | |
| Koha item type | សៀវភៅភាសាអង់គ្លេស |
| 952 ## - LOCATION AND ITEM INFORMATION (KOHA) | |
| Withdrawn status [LOCAL, KOHA] | 0 |
| Permanent Location | Date acquired | Koha item type | Lost status | Shelving location | Barcode | Current Location | Full call number |
|---|---|---|---|---|---|---|---|
| Library Block A | 2018-03-21 | សៀវភៅភាសាអង់គ្លេស | A106 | A18270 | Library Block A | 575 JOH 1969 A106 Or. |